Corporate Logos III Quiz Stats

 Plays Quiz Updated May 16, 2018

Support Sporcle.
Go Orange.
Score 0/36 Timer 07:00
39 Plays Today
% Correct
Starbucks
91.9%
Jaguar
88.2%
Steam
88%
LG
88%
Red Bull
84.2%
HMV
77.1%
Subaru
75%
Fruit of the Loom
74.4%
GE
72.1%
Dairy Queen
71%
Holiday Inn
70%
Texaco
66.2%
Cadillac
63.8%
Fosters
59.2%
Louis Vuitton
57.6%
DirecTV
52.1%
Walmart
50.2%
Asics
48.2%
% Correct
Allstate
47.2%
Alibaba Group
47.1%
TiVo
45.7%
Logitech
44.3%
Nestlé
43.2%
UNICEF
43.1%
Marlboro
42.1%
United Way
28.4%
Qantas
24.7%
Corona
22.5%
British Telecom
17%
Total
12.5%
BNP Paribas
12.5%
Allianz
12.4%
Iams
11.5%
Ryanair
10.7%
Deutsche Bank
10.3%
TDK
5.3%

From the Vault

Click the Misfit

by MSUKent

These misfits are trying to turn over a new leaf.
Remove Ads.
Support Sporcle.
Get the best of Sporcle when you Go Orange. This ad-free experience offers more features, more stats, and more fun while also helping to support Sporcle. Thank you for becoming a member.

Show Comments

Extras

Top Quizzes Today


Score Distribution

Your Account Isn't Verified!

In order to create a playlist on Sporcle, you need to verify the email address you used during registration. Go to your Sporcle Settings to finish the process.

Report this User

Report this user for behavior that violates our Community Guidelines.

Details: